00683nam a2200169 a 45000010005000000030005000050050017000100080041000270200015000680400020000832450159001032600087002623000010003496500053003596500050004127100051004624714CDMR20131029100037.0130130s1982||||||||||||||||||||||||||||d a8450053269 aCDMRbcatcCDMR00aGuia de la premsa local i comarcalb: Alt Camp, Baix Camp, Baix Penedès, Conca de Barberà, Montsià, Priorat, Ribera d'Ebre, Tarragonès, Terra Alta aBarcelonac1982bGeneralitat de Catalunya. Departament de Mitjans de Comunicació a71 p.04aPremsa comarcalzCatalunyaxManuals, guies, etc.04aMitjans de comunicació de massavDirectoris2 aDirecció General de Mitjans de Comunicació